Bác Hồ sống mãi với chúng ta Hồi ký T.1

Gồm các hồi kí viết về chủ tịch Hồ Chí Minh của các nhà lãnh đạo Đảng và nhà nước, các vị lão thành cách mạng, các cán bộ, chiến sĩ...

Zapisane w:
Opis bibliograficzny
Kolejni autorzy: Nông Đức Mạnh, Lê Duẩn, Đỗ Mười, Nguyễn Văn Linh, Trường Trinh
Format: Książka
Język:Vietnamese
Wydane: H. Chính trị Quốc gia 2005
Hasła przedmiotowe:
Etykiety: Dodaj etykietę
Nie ma etykietki, Dołącz pierwszą etykiete!
Thư viện lưu trữ: Mạng thư viện Đại học Đà Nẵng
LEADER 01744aam a22004578a 4500
001 000007457
003 3619
005 20111004141032.0
008 111004s2005 viesd
020 |d 2000b 
041 |a vie 
082 1 4 |2 14  |a 895.922803  |b Bac 
084 |a A37,03 
084 |b B000H 
084 |a V6(1)7-49 
245 |a Bác Hồ sống mãi với chúng ta  |b Hồi ký  |c B.s.: Hoàng Phong Hà, Nguyễn Khánh Hoà, Bùi Hồng Thuý..  |n T.1 
260 |a H.  |b Chính trị Quốc gia  |c 2005 
300 |a 903tr.  |b ảnh  |c 24cm 
520 |a Gồm các hồi kí viết về chủ tịch Hồ Chí Minh của các nhà lãnh đạo Đảng và nhà nước, các vị lão thành cách mạng, các cán bộ, chiến sĩ... 
600 7 |2 Bộ TK TVQG  |a Hồ Chí Minh  |c Chủ tịch nước  |y 1890-1969  |z Việt Nam 
650 7 |2 Bộ TK TVQG  |a Văn học hiện đại 
650 7 |2 Bộ TK TVQG  |a Tiểu sử 
651 7 |2 Bộ TK TVQG  |a Việt Nam 
655 7 |2 Bộ TK TVQG  |a Hồi kí 
700 0 |a Nông Đức Mạnh 
700 0 |a Lê Duẩn 
700 0 |a Đỗ Mười 
700 0 |a Nguyễn Văn Linh 
700 0 |a Trường Trinh 
773 |t Bác Hồ Sống mãi với chúng ta  |w 3613 
910 |a Nguyễn Thị Kim Oanh  |d 04/10/2011 
OWN |a LSP 
AVA |a UDN50  |b LSP  |d 895.922803 Bac  |e available  |t Error 5001 Not defined in file expand_doc_bib_avail.  |f 5  |g 0  |h N  |i 0  |k 1 
999 |a From the UDN01 
AVA |a UDN50  |b LSP  |d 895.922803 Bac  |e available  |t Error 5001 Not defined in file expand_doc_bib_avail.  |f 5  |g 0  |h N  |i 0  |k 1 
TYP |a Monograph 
TYP |a Printed language 
980 |a Mạng thư viện Đại học Đà Nẵng